drapeaux des pays en M - Statistiques

Statistiques générales
  • Ce quiz a été pris 72 fois
  • Le résultat moyen est 14 sur 17
Statistiques - réponses
Par images Réponse % Correct
maroc
99%
mexique
97%
macédoine du nord
94%
malte
90%
malaisie
89%
Mali
87%
mauritanie
87%
moldavie
87%
madagascar
86%
Monténégro
83%
Mozambique
81%
mongolie
79%
micronesie
66%
Malawi
64%
Maldives
63%
maurice
63%
marshall
59%
Aucun quiz correspondant
Distribution des résultats
% des personnes avec chaque résultat
Percentile par nombre de réponses
Votre historique - résultats
Vous n’avez pas pris ce quiz